| Поле | Инд. | ПП | Название | Значение |
|---|---|---|---|---|
| Тип записи | a | |||
| Библиографический уровень | m | |||
| 001 | Контрольный номер | 3dcf838318e4432e9d47b89a6dcfeae7 | ||
| 005 | Дата корректировки | 20170511120050.2 | ||
| 008 | Кодируемые данные | 170510|||||||||ru |||||||||||||||||rus|| | ||
| 020 | 00 | a | ISBN | 5-903076-28-4 (Т. 16) |
| 020 | a | ISBN | 5-903076-05-Х | |
| 084 | a | Индекс другой классификации/Индекс ББК | 63.3(2)622,013+63.3(2)631+63.3(2)632 | |
| 090 | 00 | a | Полочн. индекс | 63.3(2)622 |
| x | Авторский знак | О-80 | ||
| 245 | 00 | a | Заглавие | От солдата до генерала |
| b | Продолж. заглавия | Воспоминания о войне | ||
| c | Ответственность | Акад. ист. наук | ||
| n | Номер части/ раздела | Т. 16 | ||
| 260 | 00 | a | Место издания | Москва |
| b | Издательство | Акад. ист. наук | ||
| c | Дата издания | 2015 | ||
| 300 | 00 | a | Объем | 553, [1] с. |
| b | Иллюстрации/ тип воспроизводства | портр. | ||
| 650 | _4 | a | Основная рубрика | СССР-История, 1950-1989-Воспоминания |
| 651 | _4 | a | Географическое наименование | Афганистан |
| 651 | _4 | a | Географическое наименование | Вьетнам |
| 651 | _4 | a | Географическое наименование | Корея |
| 651 | _4 | a | Географическое наименование | Карибский регион |
| 653 | 00 | a | Ключевые слова | Афганская война 1979-1989 гг. |
| a | Ключевые слова | Военные конфликты | ||
| a | Ключевые слова | Вьетнамская война 1965-1974 гг. | ||
| a | Ключевые слова | Карибский кризис 1962 г. | ||
| a | Ключевые слова | Корейская война 1950-1953 гг. | ||
| a | Ключевые слова | Воспоминания | ||
| a | Ключевые слова | Воспоминания о войне | ||
| a | Ключевые слова | Мемуары | ||
| 901 | t | Тип документа | m |